Economía ambiental (Registro nro. 5567)
[ vista simple ]
| 000 -CABECERA | |
|---|---|
| Campo de control | 00869cam a2200241 a 4500 |
| 005 - FECHA Y HORA DE LA ULTIMA TRANSACCION | |
| Campo de control | 20160106043239.0 |
| 008 - ELEMENTOS DE LONGITUD FIJA—INFORMACION GENERAL | |
| Campo de control | 961022t00001999ck ad r 001 0 spa d |
| 020 ## - ISBN | |
| ISBN | 9586004198 |
| 040 ## - FUENTE DE CATALOGACIÓN | |
| Agencia catalogadora original | CO-BoPUJ |
| Agencia transcriptora | CO-BoIAVH |
| Agencia Modificadora | CO-BoIAVH |
| 041 1# - IDIOMA | |
| Código de idioma para texto/pista de sonido o título separado | Español |
| Código de idioma de la versión original y/o traducciones intermedias del texto | Inglés |
| 082 04 - NUMERO DE CLASIFICACION DECIMAL DEWEY | |
| Número de clasificación | 333.71 |
| Número del ítem | F45e |
| 100 1# - ASIENTO PRINCIPAL--NOMBRE PERSONAL | |
| Nombre personal | Field, Barry C. |
| 9 (RLIN) | 21781 |
| 245 10 - MENCION DE TITULO | |
| Título | Economía ambiental |
| Parte restante del título | una introducción / |
| Mención de responsabilidad | Barry C. Field |
| 260 ## - PUBLICACION, DISTRIBUCION, ETC. (PIE DE IMPRENTA) | |
| Lugar de publicación, distribución, etc. | Santa Fe de Bogotá ; |
| -- | Buenos Aires : |
| Nombre del editor, distribuidor, etc. | McGraw-Hill, |
| Fecha de publicación, distribución, etc. | 1999. |
| 300 ## - DESCRIPCION FISICA | |
| Extensión | xviii, 587 páginas : |
| Otros detalles físicos | ilustraciones, tablas ; |
| Dimensiones | 24 x 18 cm. |
| 534 ## - NOTA DE VERSION ORIGINAL | |
| Título del original | Enviromental economics. |
| 650 #6 - ASIENTO SECUNDARIO DE MATERIA - TERMINO TEMATICO | |
| Término temático o nombre geográfico como elemento de entrada | Política ambiental |
| Subdivisión general | aspectos económicos |
| 9 (RLIN) | 46796 |
| 650 #6 - ASIENTO SECUNDARIO DE MATERIA - TERMINO TEMATICO | |
| Término temático o nombre geográfico como elemento de entrada | Control ambiental |
| Subdivisión general | aspectos económicos |
| 9 (RLIN) | 46797 |
| 650 #6 - ASIENTO SECUNDARIO DE MATERIA - TERMINO TEMATICO | |
| Término temático o nombre geográfico como elemento de entrada | Economía ambiental |
| 9 (RLIN) | 46798 |
| 700 1# - ASIENTO SECUNDARIO - NOMBRE PERSONAL | |
| Nombre personal | Cano, Leonardo |
| Término de relación | traductor |
| 9 (RLIN) | 46799 |
| 700 1# - ASIENTO SECUNDARIO - NOMBRE PERSONAL | |
| Nombre personal | Suárez R., Martha Edna |
| Término de relación | editor |
| 9 (RLIN) | 46800 |
| 942 ## - ELEMENTOS ADICIONALES (KOHA) | |
| Sistema de clasificación | Dewey Decimal Classification |
| Tipo de ítem | Libro |
| Withdrawn status | Lost status | Sistema de Clasificación | Damaged status | No para préstamo | Colección | Inventariado | Ubicación Permanente | Ubicación actual | Fecha de adquisición | Fuente de Valor | Valor | Total Checkouts | Número topográfico | Inventario / Código de Barras | Date last seen | Ejemplar | Price effective from | Forma de adquisición | Tipo de material |
|---|---|---|---|---|---|---|---|---|---|---|---|---|---|---|---|---|---|---|---|
| Dewey Decimal Classification | General | Inventariado 2017 | Bogotá | Bogotá | 07/06/2007 | Doyle, Peter; López, Susana | 39000.00 | LB-333.71 F45e | 024462 | 04/12/2012 | Ej.1 | 04/12/2012 | Libro | ||||||
| Dewey Decimal Classification | General | Inventariado 2017 | Sala Fabio Quevedo | Sala Fabio Quevedo | 25/01/2005 | Hernández,Sarah | 39000.00 | LB-333.71 F45e | 017082 | 04/12/2012 | Ej. 2 | 04/12/2012 | Donación | Libro |